01434 a2200253 45000010006000000050017000060080041000230030015000640400040000790800134001192450147002530200022004002500012004222640054004343000019004885050424005070410008009319420007009395900036009461000020009827000022010029990015010249520141010396044820260407155856.0260407a1995 arg spa dAR-UNSa-BCEJYS aAR-UNSa-BCEJYSbspacAR-UNSa-BCEJYS a338.2(82)xPolítica económica. Control de la economía. Gestión de la economía. Planificación económica en Argentina10aEl desarrollo ausentepRestricciones al desarrollo, neoconservadurismo y élite económica en la Argentina; ensayos de economía política a978-950-718-104-7 a2a. ed. 1aBuenos Aires :bTesis Grupo Editorial Normac1995 a233 p.c22 cm. a1. Subdesarrollo y hegemonía neoconservadora ¿Veinte años no es nada? / Daniel Azpiazu; Hugo Nochteff - 2. Los senderos perdidos del desarrollo. Elite económica y restricciones al desarrollo en la Argentina / Hugo Nochteff – 3. La industria Argentina ante la Privatización, la Desregulación y la Apertura Asimétricas de la Economía. LA creciente polarización del poder económico / Daniel Azpiazu -  aspa cBK aniveau_biblio:m niveau_hierar:01 aAzpiazu, Daniel1 aNochteff, Hugo J. c7001d7001 00104070aBCEJYSbBCEJYSc16d2026-04-07l0o338.2(82) A996 2ed.pL129191r2026-04-07 15:58:56w2026-04-07yLzRESALTADOR - LÁPIZ -